Top 50 Baby Girls' Names in Germany 2018 - Statistics

General Stats
  • This quiz has been taken 725 times
  • The average score is 21 of 50
Answer Stats
Hint Answer % Correct
7 Anna
88%
1 Emma
82%
2 Mia
74%
48 Maria
72%
3 Hannah
70%
5 Sofia
69%
12 Marie
67%
13 Lena
66%
23 Lia
66%
33 Sarah
66%
18 Emily
65%
30 Laura
65%
24 Sophie
64%
41 Julia
63%
43 Lisa
62%
9 Lea
60%
10 Ella
57%
22 Charlotte
54%
26 Lilly
49%
29 Lara
48%
4 Emilia
47%
47 Isabella
47%
6 Lina
47%
38 Elisa
46%
11 Clara
40%
17 Johanna
38%
8 Mila
38%
39 Paula
38%
20 Amelie
35%
16 Leonie
33%
14 Luisa
33%
36 Nora
33%
50 Helena
31%
49 Elena
29%
40 Victoria
28%
25 Ida
26%
45 Alina
24%
28 Greta
24%
27 Maja
23%
37 Pia
19%
21 Frieda
18%
46 Pauline
18%
15 Leni
17%
19 Mathilda
17%
32 Lotta
15%
35 Mira
15%
31 Nele
14%
34 Melina
13%
42 Marlene
10%
44 Juna
4%
No matching quizzes found
Score Distribution
Percent of People with Each Score
Percentile by Number Answered
Your Score History
You have not taken this quiz